000
00323nam a2200133Ia 4500
005
20251222151304.0
008
251222s9999||||xx |||||||||||||| ||spa||
082
_a
330.9/K88
100
_a
Kuczinski, Jürgen
245
0
_a
Breve Historia de la Economía
250
_a
1ra.ed.
264
_b
Miguel Castellote
942
_c
LIB
999
_c
23089
_d
23089